Lettre sur les exigences de la pensée contemporaine en matière d' apologetique et sur la méthode de la philosophie dans l'etude du probleme religieux
Guardat en:
| Autor principal: | |
|---|---|
| Format: | Llibre |
| Idioma: | espanyol |
| Publicat: |
París
P.U.F
1956
|
| Matèries: | |
| Etiquetes: |
Afegir etiqueta
Sense etiquetes, Sigues el primer a etiquetar aquest registre!
|
MARC
| LEADER | 00000nam a2200000 a 4500 | ||
|---|---|---|---|
| 001 | UCY8811 | ||
| 003 | CL-VaPUC | ||
| 008 | 950707e19560000FR |||||||||||||||||spa|d | ||
| 082 | 0 | 4 | |a 190 |b BLO |2 21 |
| 100 | 0 | |a Blondel, Maurice |e author |9 335836 | |
| 245 | 1 | 0 | |a Lettre sur les exigences de la pensée contemporaine en matière d' apologetique et sur la méthode de la philosophie dans l'etude du probleme religieux |
| 300 | |a 248 p | ||
| 942 | |c BK | ||
| 945 | |d 19950707 00:00:00 |a aalvarez | ||
| 260 | |a París |b P.U.F |c 1956 | ||
| 650 | 0 | |a Apologética |9 269349 | |
| 650 | 0 | |a Filosofía |9 223554 | |
| 650 | 0 | |a Religión |9 255164 | |
| 583 | |a last modification |c 19950707 00:00:00 |k Rodrigo Vera | ||
| 999 | |c 236012 |d 236010 | ||
| 952 | |0 0 |1 0 |4 0 |6 190_000000000000000_BLO_1956 |7 0 |8 P |9 243814 |a BIBEDU |b BIBEDU |c BIBEDU_PB |d 2019-11-18 |i 3097749 |o 190 BLO 1956 |p 3097749 |r 2024-01-25 |w 2019-11-18 |y BK |k FIL | ||